Oscarový Kevin Costner

Podrobná bibliografia
Hlavný autor: Malecová, J. (Autor)
Médium: Článok
Jazyk:slovenčina
Fyzický popis:Fot. 4.
Predmet:

MARC

LEADER 00000nab a2200000 a 4500
001 vtls000420035
003 SK-MaSNL
005 20260302235222.0
008 120925c1991 xo 0 slo
015 |a SNBRB19rr/mm-uuuuu 
035 |a CL0420163 
040 |a SNKBUCL  |b slo  |c SNKBUCL  |e AACR2 
041 0 |a slo 
044 |a xo  |c SK 
080 |a 791.43(73)  |2 1981 
100 1 |a Malecová, J.  |4 aut  |9 924759 
245 1 0 |a Oscarový Kevin Costner  |c J. Malecová 
300 |b Fot. 4. 
500 |a Réžia Kevin Costner 
600 1 7 |a Costner, Kevin,  |d 1955-  |2 snkbucl  |9 202010 
630 0 7 |a Tanec s vlkmi (film)  |2 snkbucl  |9 965967 
650 0 7 |a americké filmy  |2 snkbucl  |9 847461 
655 7 |a články z novín a časopisov  |2 snkbucl  |9 267496 
773 0 |t Život  |g Roč. 41, č. 17 (1991), s. 64 
850 |a Slovenská národná knižnica v Martine  |a MTA001 
852 |a SNK  |b KIS3GCP 
958 |a RK 
992 |a RBX 
999 |c 1553638  |d 1555568